00726nam a22002057a 450000500170000001000150001702000260003203500140005803700130007208200140008510000170009924500520011626000450016827000630021330000220027650000490029894200280034799900190037595201260039420171212153533.0 aENG-121857 a9780198066743c645.00 aEN-105389 bDBAD/PUB a342.54083 aRoy, Anupama aMapping citizenship in india / cby Anupama Roy aNew DelhibOxford University Pressc2010 aYMCA Library Building , Jai Singh Road bNew Delhie110001 ax,226p.c22cm(Hb) aIncludes bibliographical reference and index 2ddccENh342.54083mROY c147968d147968 001040718NFICaDBADbBNd2017-12-12eDBAD/PUBg645.00l0o342.54083 ROYpEN-105389r2017-12-12 00:00:00t1v645.00yEN